Lineamientos de evaluación docente. (Evaluación del desempeño docente bajo el enfoque de competencias)

Na minha lista:
Detalhes bibliográficos
Autor Corporativo: México. Secretaría de Educación Pública
Formato: Livro
Idioma:espanhol
Assuntos:
Acesso em linha:Ver documento en línea
Tags: Adicionar Tag
Sem tags, seja o primeiro a adicionar uma tag!

MARC

LEADER 00000nam^a2200000^u^4500
001 000530808
005 20260413000000.0
008 140901s10001000^^^^cr^^r^^^^^000^0^spa^d
009 20260413195029.691
035 |a FCE 000075055 
037 |a Acervo ITESO - Biblioteca 
041 |a spa 
095 |a 813 
110 |a México. Secretaría de Educación Pública 
245 1 0 |a Lineamientos de evaluación docente.  |b (Evaluación del desempeño docente bajo el enfoque de competencias) 
264 |a México:  |b SEP: DGB,  |c 2010. 
300 |a 33 p. 
336 |a texto  |b txt  |2 rdacontenido 
337 |a sin mediación  |b n  |2 rdamedio 
338 |a volumen  |b nc  |2 rdasoporte 
649 |a XX 
650 |a Educación media superior 
650 |a Modelo de evaluación 
650 |a Evaluación educativa 
856 4 0 |u https://www.dgb.sep.gob.mx/02-m1/03-iacademica/00-otros/Evaluacion_docente_06012011.pdf  |y Ver documento en línea 
910 |a Fondo Centro de Estudios Educativos 
920 |a Impresos - Libros 
930 |a Fondos Especiales 
905 |a 133 
902 |a https://opac.biblio.iteso.mx/vufind/Record/000530808